Library Banner

بہاولپور کی سرزمین (Record no. 73503)

MARC details
000 -LEADER
fixed length control field 00459nam a22001577a 4500
005 - DATE AND TIME OF LATEST TRANSACTION
control field 20150803100624.0
008 - FIXED-LENGTH DATA ELEMENTS--GENERAL INFORMATION
fixed length control field 150803b xxu||||| |||| 00| 0 eng d
020 ## - INTERNATIONAL STANDARD BOOK NUMBER
International Standard Book Number 9789695341308
040 ## - CATALOGING SOURCE
Transcribing agency PK-LaUMT
082 ## - DEWEY DECIMAL CLASSIFICATION NUMBER
Classification number KHC 954.919
Item number ZAH-B
100 ## - MAIN ENTRY--PERSONAL NAME
Personal name زاھد علی واسطی،سید
245 ## - TITLE STATEMENT
Title بہاولپور کی سرزمین
Statement of responsibility, etc سید زاھد علی واسطی
260 ## - PUBLICATION, DISTRIBUTION, ETC. (IMPRINT)
Place of publication, distribution, etc لاہور
Name of publisher, distributor, etc بیکن ہاوس
Date of publication, distribution, etc 2009
300 ## - PHYSICAL DESCRIPTION
Extent 616 ص
942 ## - ADDED ENTRY ELEMENTS (KOHA)
Koha item type Books
Holdings
Withdrawn status Lost status Damaged status Home library Current library Date acquired Full call number Barcode Date last seen Price effective from Koha item type
      UMT Main Campus UMT Main Campus 2015-08-03 KHC 954.919 ZAH-B 73203 2015-10-15 2015-08-03 Books